[Event "13th Dubai open 2011"]
[Site "Dubai Chess club"]
[Date "2011.04.10"]
[Round "1"]
[Board "1"]
[White "Mehdi, Samer"]
[Black "Lalith, Babu M R"]
[Result "0-1"]
[WhiteElo "2078"]
[BlackElo "2491"]
[PlyCount "66"]
[EventDate "2011.04.10"]
[EventRounds "9"]
[EventCountry "UAE"]

1.e4 c6 2.c4 d5 3.cxd5 cxd5 4.exd5 Nf6 5.Qa4+ Nbd7 6.Nc3 g6 7.Nf3 Bg7 8.Be2 O-O
9.d4 Nb6 10.Qb3 Nbxd5 11.O-O Nb6 12.a4 Be6 13.Qd1 Nbd5 14.Ng5 Bd7 15.Nxd5 Nxd5
16.Bc4 Bc6 17.Qg4 h6 18.Nf3 Nb6 19.Ba2 e6 20.a5 h5 21.Qg3 Nd5 22.Bd2 Ne7 23.Bg5
Nf5 24.Qf4 Qb8 25.Ne5 Nxd4 26.Qxd4 Qxe5 27.Qh4 Qxb2 28.Bc4 Qd4 29.Qxd4 Bxd4
30.Rad1 Bg7 31.Rc1 a6 32.Rfd1 Rfc8 33.Kf1 Bb2

[Event "13th Dubai open 2011"]
[Site "Dubai Chess club"]
[Date "2011.04.10"]
[Round "1"]
[Board "1"]
[White "Al-Sayed,  Mohammed"]
[Black "Schmidt, Jade"]
[Result "1-0"]
[WhiteElo "2485"]
[BlackElo "2077"]
[PlyCount "79"]
[EventDate "2011.04.10"]
[EventRounds "9"]
[EventCountry "UAE"]

1.d4 d5 2.c4 c6 3.Nc3 e6 4.e4 dxe4 5.Nxe4 Bb4+ 6.Bd2 Qxd4 7.Bxb4 Qxe4+ 8.Be2 Na6
9.Ba5 b6 10.Qd6 Bd7 11.Bc3 f6 12.O-O-O O-O-O 13.Qa3 Kb7 14.Bf3 Qf4+ 15.Rd2 e5
16.Ne2 Qxc4 17.Rhd1 Nb8 18.Ng3 Nh6 19.Ne4 Nf7 20.Qe7 Kc7 21.b3 Qe6 22.Rxd7+ Qxd7
23.Rxd7+ Rxd7 24.Qa3 Kb7 25.Bg4 Rc7 26.Be6 Ka8 27.Nd6 Nxd6 28.Qxd6 Kb7 29.g4 h6
30.h4 a5 31.a3 Re8 32.Bf5 Rh8 33.Bd2 Na6 34.Be3 Re8 35.Kb2 Rh8 36.b4 axb4
37.axb4 Ra8 38.Be4 Rac8 39.b5 Nb8 40.Qb4

[Event "13th Dubai open 2011"]
[Site "Dubai Chess club"]
[Date "2011.04.10"]
[Round "1"]
[Board "1"]
[White "Mona, Khaled"]
[Black "Iskusnyh, Sergei"]
[Result "1/2-1/2"]
[WhiteElo "2076"]
[BlackElo "2481"]
[PlyCount "115"]
[EventDate "2011.04.10"]
[EventRounds "9"]
[EventCountry "UAE"]

1.d4 Nf6 2.Nf3 d5 3.c4 c6 4.Qc2 dxc4 5.e4 b5 6.b3 cxb3 7.axb3 e6 8.Bd2 a5 9.Bd3
Bb7 10.Nc3 Na6 11.O-O Nb4 12.Qb1 Nxd3 13.Qxd3 b4 14.Na4 Ba6 15.Qc2 Bxf1 16.Qxc6+
Nd7 17.Kxf1 Qc8 18.d5 Be7 19.Ne5 Qxc6 20.Nxc6 Bd6 21.Nb2 Nc5 22.Nc4 Nxb3
23.Nxd6+ Kd7 24.Nxf7 exd5 25.Nce5+ Ke6 26.exd5+ Kxd5 27.Rd1 Nxd2+ 28.Rxd2+ Ke6
29.Nxh8 Kxe5 30.Nf7+ Kf6 31.Nd6 a4 32.Ne4+ Ke5 33.Nc5 a3 34.Nb3 Rc8 35.Rd4 a2
36.Rxb4 Rc1+ 37.Ke2 Rc2+ 38.Kd3 Rb2 39.Re4+ Kf6 40.Na1 Rb1 41.Nc2 Rd1+ 42.Ke2
Rc1 43.Na1 Rxa1 44.Ra4 Rg1 45.Rxa2 Rxg2 46.h3 Kg5 47.Kf3 Rg1 48.Ra4 Kh5 49.Rg4
Rxg4 50.hxg4+ Kh4 51.Kf4 g6 52.f3 h6 53.Ke5 Kg5 54.Ke4 Kh4 55.Ke5 Kg3 56.g5 hxg5
57.Kf6 Kxf3 58.Kxg5

[Event "13th Dubai open 2011"]
[Site "Dubai Chess club"]
[Date "2011.04.10"]
[Round "1"]
[Board "1"]
[White "Petrosian, Davit G"]
[Black "Pabalan, Rocky"]
[Result "1-0"]
[WhiteElo "2480"]
[BlackElo "2062"]
[PlyCount "45"]
[EventDate "2011.04.10"]
[EventRounds "9"]
[EventCountry "UAE"]

1.e4 c6 2.d4 d5 3.e5 Na6 4.Nc3 Nc7 5.b4 g6 6.h4 h5 7.Bd3 Nh6 8.Bg5 Nf5 9.Nce2
Bg7 10.Nf3 Ne6 11.c3 Nxg5 12.hxg5 O-O 13.Nf4 a5 14.Nxh5 gxh5 15.Nh4 Ng3 16.fxg3
Bg4 17.Be2 Qd7 18.Bxg4 hxg4 19.O-O axb4 20.Nf5 bxc3 21.Qxg4 Qe8 22.Nh6+ Kh8
23.Qh5

[Event "13th Dubai open 2011"]
[Site "Dubai Chess club"]
[Date "2011.04.10"]
[Round "1"]
[Board "1"]
[White "Arellano, Robert"]
[Black "Harutjunyan, Gevorg"]
[Result "0-1"]
[WhiteElo "2060"]
[BlackElo "2468"]
[PlyCount "56"]
[EventDate "2011.04.10"]
[EventRounds "9"]
[EventCountry "UAE"]

1.d4 Nf6 2.e3 g6 3.f4 Bg7 4.Nf3 d6 5.Be2 O-O 6.O-O Nbd7 7.c4 e5 8.Nc3 exf4
9.exf4 Nb6 10.a4 a5 11.b3 Re8 12.Ra2 Ng4 13.Bd3 c5 14.Nb5 cxd4 15.Nbxd4 Ne3
16.Bxe3 Rxe3 17.f5 Qe7 18.Re2 d5 19.Rfe1 Rxe2 20.Rxe2 Qf8 21.cxd5 Nxd5 22.Qe1
Bd7 23.Bc4 Qc5 24.Qf2 Nb4 25.fxg6 hxg6 26.Re5 Bxe5 27.Bxf7+ Kh8 28.Nxe5 Qxe5

[Event "13th Dubai open 2011"]
[Site "Dubai Chess club"]
[Date "2011.04.10"]
[Round "1"]
[Board "1"]
[White "Guliev, Logman"]
[Black "Johny, P I"]
[Result "1-0"]
[WhiteElo "2468"]
[BlackElo "2048"]
[PlyCount "51"]
[EventDate "2011.04.10"]
[EventRounds "9"]
[EventCountry "UAE"]

1.e4 c5 2.Nf3 Nc6 3.Bb5 Qb6 4.Nc3 e6 5.Bxc6 Qxc6 6.d4 d6 7.O-O Nf6 8.d5 Qa6
9.dxe6 Bxe6 10.Nd5 Qc6 11.Re1 O-O-O 12.c4 Nd7 13.b4 Ne5 14.bxc5 Nxf3+ 15.Qxf3
dxc5 16.Bf4 Rd7 17.Qg3 h5 18.a4 h4 19.Qc3 f6 20.Qa5 b6 21.Qc3 Bd6 22.Bxd6 Qxd6
23.a5 Bxd5 24.exd5 b5 25.Re6 b4 26.Qe3

[Event "13th Dubai open 2011"]
[Site "Dubai Chess club"]
[Date "2011.04.10"]
[Round "1"]
[Board "1"]
[White "Mahmoud, Haitham"]
[Black "Abbasifar, Hasan"]
[Result "0-1"]
[WhiteElo "2040"]
[BlackElo "2467"]
[PlyCount "107"]
[EventDate "2011.04.10"]
[EventRounds "9"]
[EventCountry "UAE"]

1.e4 e5 2.Nf3 Nc6 3.d4 exd4 4.Nxd4 Nf6 5.Bg5 h6 6.Bxf6 Qxf6 7.c3 Bc5 8.Nf3 O-O
9.Be2 Qg6 10.O-O Qxe4 11.Re1 d6 12.Nbd2 Qg6 13.Nf1 Re8 14.Ng3 Bg4 15.Qd2 Qf6
16.h3 Bxf3 17.Bxf3 Bb6 18.Nh5 Qg5 19.Qxg5 hxg5 20.b4 Rab8 21.Rxe8+ Rxe8 22.Kf1
Kf8 23.Re1 Rb8 24.Ng3 Ne5 25.Be4 g6 26.Bc2 f5 27.Ne2 Re8 28.Nc1 a5 29.Nd3 Nd7
30.Rxe8+ Kxe8 31.c4 Ke7 32.Ke2 axb4 33.Nxb4 c6 34.Nd3 Kf6 35.f4 Nf8 36.fxg5+
Kxg5 37.g3 Ne6 38.Bd1 Bd4 39.Kf3 Kf6 40.h4 g5 41.hxg5+ Nxg5+ 42.Kg2 Ne4 43.Nf4
Be5 44.Ne2 Nd2 45.Bb3 Ke6 46.Kf2 Nxb3 47.axb3 d5 48.Ke3 c5 49.Kf3 Bd6 50.g4 Ke5
51.gxf5 d4 52.f6 Kxf6 53.Ke4 Ke6 54.Nc1

[Event "13th Dubai open 2011"]
[Site "Dubai Chess club"]
[Date "2011.04.10"]
[Round "1"]
[Board "1"]
[White "Huschenbeth, Niclas"]
[Black "Atabayev, Saparmyrat"]
[Result "1-0"]
[WhiteElo "2465"]
[BlackElo "2037"]
[PlyCount "49"]
[EventDate "2011.04.10"]
[EventRounds "9"]
[EventCountry "UAE"]

1.e4 c5 2.Nf3 d6 3.d4 cxd4 4.Nxd4 Nf6 5.Nc3 a6 6.Bg5 e6 7.f4 Be7 8.Qf3 O-O
9.O-O-O Qc7 10.Bd3 Nc6 11.Nb3 b5 12.e5 dxe5 13.fxe5 Nd5 14.Bxe7 Ndxe7 15.Rhe1
Bb7 16.Qg3 Nb4 17.Bxh7+ Kxh7 18.Qh4+ Kg8 19.Qxb4 Bxg2 20.Rd3 Nf5 21.Qg4 Bb7
22.Nd4 Qc4 23.Qg5 Nxd4 24.Qxg7+ Kxg7 25.Rg3+

[Event "13th Dubai open 2011"]
[Site "Dubai Chess club"]
[Date "2011.04.10"]
[Round "1"]
[Board "1"]
[White "Nazarov, Rustem"]
[Black "Kayumov, Dmitry D"]
[Result "0-1"]
[WhiteElo "2024"]
[BlackElo "2463"]
[PlyCount "66"]
[EventDate "2011.04.10"]
[EventRounds "9"]
[EventCountry "UAE"]

1.e4 e5 2.Nf3 Nc6 3.Bb5 Nf6 4.O-O Nxe4 5.Re1 Nd6 6.Nc3 Nxb5 7.Nxe5 Be7 8.Nd5
Nbd4 9.Nxc6 Nxc6 10.Qe2 d6 11.d4 Be6 12.Nxe7 Nxe7 13.Bg5 f6 14.Bxf6 gxf6 15.Qxe6
Rf8 16.Re3 Qd7 17.Qe4 Rf7 18.Qxb7 Qc8 19.Qf3 Rb8 20.Rae1 Qd7 21.Re6 f5 22.Qh5
Kf8 23.Qh6+ Kg8 24.Qg5+ Ng6 25.g3 Rbf8 26.Qe3 f4 27.Qb3 fxg3 28.fxg3 Qc6 29.Rf6
Kg7 30.Rxf7+ Rxf7 31.c4 h5 32.Re3 d5 33.cxd5 Qc1+

[Event "13th Dubai open 2011"]
[Site "Dubai Chess club"]
[Date "2011.04.10"]
[Round "1"]
[Board "1"]
[White "Grigoryan, Karen H"]
[Black "Dhar, Manodip"]
[Result "1-0"]
[WhiteElo "2463"]
[BlackElo "2022"]
[PlyCount "67"]
[EventDate "2011.04.10"]
[EventRounds "9"]
[EventCountry "UAE"]

1.d4 d5 2.c4 e6 3.Nc3 Nf6 4.Nf3 h6 5.Bf4 c6 6.e3 Nbd7 7.h3 Bb4 8.a3 Bxc3+ 9.bxc3
dxc4 10.Bxc4 Nd5 11.Bg3 Nxc3 12.Qc2 Nd5 13.O-O O-O 14.e4 N5b6 15.Ba2 Qe7 16.a4
a5 17.Rab1 Ra6 18.Rfe1 Re8 19.d5 Qc5 20.Qd3 Nxa4 21.Rec1 Qa7 22.dxe6 fxe6 23.Bd6
b5 24.e5 Nac5 25.Qg6 Rd8 26.Nd4 Nf8 27.Qc2 Na4 28.Nxc6 Rxc6 29.Qxc6 Bd7 30.Qf3
Qd4 31.Rd1 Qc3 32.Qg4 Nb6 33.Bxf8 Rxf8 34.Bxe6+

[Event "13th Dubai open 2011"]
[Site "Dubai Chess club"]
[Date "2011.04.10"]
[Round "1"]
[Board "1"]
[White "Khadzh Khamed, Naser"]
[Black "Laxman, R R"]
[Result "0-1"]
[WhiteElo "2009"]
[BlackElo "2462"]
[PlyCount "70"]
[EventDate "2011.04.10"]
[EventRounds "9"]
[EventCountry "UAE"]

1.e4 e5 2.Nf3 Nc6 3.Bb5 a6 4.Ba4 Nf6 5.O-O Be7 6.c3 Nxe4 7.Re1 b5 8.Rxe4 bxa4
9.Nxe5 Nxe5 10.Rxe5 O-O 11.Qxa4 Bb7 12.Na3 Bd6 13.d4 Qh4 14.Nc4 Bxe5 15.Nxe5
Rae8 16.Qd1 d6 17.Nc4 f5 18.Bd2 f4 19.f3 Qg5 20.Qf1 Qd5 21.Re1 Rxe1 22.Bxe1 Bc6
23.b3 Bb5 24.Bf2 Re8 25.Qd3 Qe6 26.a4 Bxc4 27.bxc4 Qe2 28.Qb1 Qxc4 29.Qc1 Qxa4
30.h4 Re2 31.Qxf4 Qd1+ 32.Kh2 Rxf2 33.Qg4 Qe2 34.Qc8+ Kf7 35.Qd7+ Qe7

[Event "13th Dubai open 2011"]
[Site "Dubai Chess club"]
[Date "2011.04.10"]
[Round "1"]
[Board "1"]
[White "Roy, Chowdhury Saptarshi"]
[Black "Praful, Zaveri"]
[Result "1-0"]
[WhiteElo "2459"]
[BlackElo "2004"]
[PlyCount "53"]
[EventDate "2011.04.10"]
[EventRounds "9"]
[EventCountry "UAE"]

1.e4 e6 2.Qe2 e5 3.Nf3 Nc6 4.c3 Nf6 5.d4 d6 6.Bg5 Be7 7.dxe5 dxe5 8.Qc2 Ng4
9.Bxe7 Qxe7 10.Nbd2 O-O 11.Bc4 Na5 12.Be2 f5 13.O-O Kh8 14.exf5 Bxf5 15.Bd3 Bxd3
16.Qxd3 a6 17.Rfe1 Rad8 18.Qe2 Nc6 19.Ne4 h6 20.Rad1 Nf6 21.Nxf6 Qxf6 22.h3 Rxd1
23.Rxd1 Rf7 24.Re1 Re7 25.Nd2 Rf7 26.Ne4 Qe7 27.b4

[Event "13th Dubai open 2011"]
[Site "Dubai Chess club"]
[Date "2011.04.10"]
[Round "1"]
[Board "1"]
[White "Ivana Maria, Furtado"]
[Black "Satyaragyan, Swayangsu"]
[Result "0-1"]
[WhiteElo "1999"]
[BlackElo "2459"]
[PlyCount "60"]
[EventDate "2011.04.10"]
[EventRounds "9"]
[EventCountry "UAE"]

1.d4 Nf6 2.c4 e6 3.Nf3 c5 4.d5 b5 5.Nc3 b4 6.Na4 exd5 7.cxd5 d6 8.Bg5 Be7 9.e3
O-O 10.Bc4 Bg4 11.Qc2 Nbd7 12.Nd2 Rb8 13.f4 Nh5 14.Bxe7 Qxe7 15.Kf2 Ndf6 16.h3
Bd7 17.b3 g6 18.g4 Bxg4 19.e4 Bd7 20.Kf3 Bxa4 21.bxa4 Nd7 22.Rag1 Qf6 23.f5 Qh4
24.Qb3 Ne5+ 25.Ke2 Nxc4 26.Nxc4 Qxe4+ 27.Ne3 Rfe8 28.Rh2 c4 29.Qb2 Qxe3+ 30.Kf1
Qe1+

[Event "13th Dubai open 2011"]
[Site "Dubai Chess club"]
[Date "2011.04.10"]
[Round "1"]
[Board "1"]
[White "Shyam, Sundar M"]
[Black "Amangeldiyev, Gurbangeldi"]
[Result "1-0"]
[WhiteElo "2457"]
[BlackElo "1987"]
[PlyCount "55"]
[EventDate "2011.04.10"]
[EventRounds "9"]
[EventCountry "UAE"]

1.e4 e6 2.d4 d5 3.Nd2 dxe4 4.Nxe4 Nd7 5.Nf3 Ngf6 6.Bg5 Be7 7.Nxf6+ Bxf6 8.h4 h6
9.Bxf6 Qxf6 10.Bd3 c5 11.Qe2 cxd4 12.O-O-O a6 13.Kb1 Nc5 14.Nxd4 Bd7 15.Be4 O-O
16.Bf3 Na4 17.g4 e5 18.g5 hxg5 19.hxg5 Qxg5 20.Rh5 Qf6 21.Qxe5 Qxe5 22.Rxe5 Rae8
23.Rde1 Rxe5 24.Rxe5 b5 25.b3 Nb6 26.Kb2 Re8 27.Rc5 Kf8 28.Rc7

[Event "13th Dubai open 2011"]
[Site "Dubai Chess club"]
[Date "2011.04.10"]
[Round "1"]
[Board "1"]
[White "De Guzman, Carlos"]
[Black "Gutov, Andrey"]
[Result "0-1"]
[WhiteElo "1981"]
[BlackElo "2445"]
[PlyCount "48"]
[EventDate "2011.04.10"]
[EventRounds "9"]
[EventCountry "UAE"]

1.d4 Nf6 2.c4 e6 3.a3 c5 4.e3 d5 5.Nf3 Nc6 6.dxc5 Bxc5 7.b4 Bd6 8.c5 Bc7 9.Bb2
a6 10.Nbd2 e5 11.b5 axb5 12.Bxb5 Qe7 13.Rc1 O-O 14.O-O e4 15.Bxf6 Qxf6 16.Bxc6
bxc6 17.Nd4 Rxa3 18.Qh5 Rd3 19.N2b3 g6 20.Qh6 Ba6 21.Ra1 Bc4 22.Na5 Bxa5 23.Rxa5
Rd2 24.Ne6 Qxf2+

[Event "13th Dubai open 2011"]
[Site "Dubai Chess club"]
[Date "2011.04.10"]
[Round "1"]
[Board "1"]
[White "Ashwin, Jayaram"]
[Black "Ingcongan, Mama"]
[Result "1-0"]
[WhiteElo "2439"]
[BlackElo "1977"]
[PlyCount "59"]
[EventDate "2011.04.10"]
[EventRounds "9"]
[EventCountry "UAE"]

1.e4 c6 2.d4 d5 3.e5 Bf5 4.Nd2 e6 5.Nb3 Nd7 6.Nf3 h6 7.Be2 Ne7 8.O-O Nc8 9.a4 a6
10.Be3 Be7 11.Ne1 Qc7 12.Bd3 Bxd3 13.Nxd3 Ncb6 14.Qg4 g6 15.Nd2 c5 16.a5 Nc8
17.c4 dxc4 18.Nxc5 Bxc5 19.dxc5 Nxe5 20.Qg3 Ne7 21.Nxc4 f6 22.Bd4 Nf5 23.Bxe5
fxe5 24.Qxg6+ Ke7 25.Nd6 Raf8 26.Rfd1 Qxc5 27.Nxf5+ exf5 28.Rac1 Rd8 29.Re1 Qxa5
30.b4

[Event "13th Dubai open 2011"]
[Site "Dubai Chess club"]
[Date "2011.04.10"]
[Round "1"]
[Board "1"]
[White "Singhai, Niklesh Jain"]
[Black "Anwesh, Upadhyaya"]
[Result "0-1"]
[WhiteElo "1972"]
[BlackElo "2432"]
[PlyCount "50"]
[EventDate "2011.04.10"]
[EventRounds "9"]
[EventCountry "UAE"]

1.Nf3 Nf6 2.g3 d5 3.Bg2 e6 4.d3 c5 5.Nbd2 Nc6 6.O-O Be7 7.e4 b5 8.Re1 a5 9.c3
Ba6 10.a3 b4 11.exd5 exd5 12.axb4 axb4 13.d4 O-O 14.Ne5 Bb7 15.Rxa8 Bxa8 16.dxc5
Nxe5 17.Rxe5 bxc3 18.Nb3 Ne4 19.Qc2 Bf6 20.Rh5 g6 21.Rh3 Re8 22.f3 Nxc5 23.Nxc5
Bd4+ 24.Kf1 Bxc5 25.bxc3 Bb7

[Event "13th Dubai open 2011"]
[Site "Dubai Chess club"]
[Date "2011.04.11"]
[Round "2"]
[Board "1"]
[White "Satyaragyan, Swayangsu"]
[Black "Sasikiran, Krishnan"]
[Result "1/2-1/2"]
[WhiteElo "2459"]
[BlackElo "2682"]
[PlyCount "130"]
[EventDate "2011.04.10"]
[EventRounds "9"]
[EventCountry "UAE"]

1.e4 c5 2.Nf3 d6 3.d4 cxd4 4.Nxd4 Nf6 5.Nc3 a6 6.Bc4 e6 7.Bb3 b5 8.Bg5 Be7 9.Qf3
Qc7 10.e5 Bb7 11.exd6 Bxd6 12.Qe3 Bc5 13.O-O-O Nc6 14.Bxf6 gxf6 15.Nd5 {Diagram
#} Qe5 16.Qxe5 fxe5 17.Nc7+ Ke7 18.Nxc6+ Bxc6 19.Nxa8 Bxa8 20.Rhe1 Bxg2 21.Rxe5
Bd6 22.Rxd6 Kxd6 23.Rg5 Be4 24.c3 Rc8 25.Kd2 Bg6 26.a4 f6 27.Rg4 e5 28.axb5 axb5
29.f4 e4 30.Ke3 Rc5 31.Rh4 b4 32.cxb4 Rc1 33.Bg8 Rc8 34.Bxh7 Rh8 35.Rh6 Bxh7
36.Rxf6+ Ke7 37.Rh6 Kf7 38.f5 Kg7 39.Rh4 Rb8 40.Rxe4 Bxf5 41.Rd4 Kf6 42.Kf4 Rh8
43.Rd6+ Be6 44.Rd2 Rh4+ 45.Ke3 Ke5 46.Rg2 Rh3+ 47.Kd2 Kd4 48.Rf2 Bd5 49.b5 Be4
50.Ke1 Rb3 51.Rd2+ Ke3 52.Re2+ Kf4 53.Rf2+ Bf3 54.Rc2 Rxb5 55.Kf2 Be4 56.Rd2 Rb3
57.h4 Rh3 58.b4 Rxh4 59.b5 Rh2+ 60.Ke1 Rh1+ 61.Kf2 Rb1 62.b6 Rb3 63.b7 Rxb7
64.Ra2 Rh7 65.Rd2 Rh2+ {Game finished at move 114!}

[Event "13th Dubai open 2011"]
[Site "Dubai Chess club"]
[Date "2011.04.11"]
[Round "2"]
[Board "1"]
[White "Gutov, Andrey"]
[Black "Miroshnichenko, Evgenij"]
[Result "1/2-1/2"]
[WhiteElo "2445"]
[BlackElo "2670"]
[PlyCount "95"]
[EventDate "2011.04.10"]
[EventRounds "9"]
[EventCountry "UAE"]

1.d4 Nf6 2.c4 c5 3.d5 e6 4.Nc3 exd5 5.cxd5 d6 6.e4 g6 7.f4 Bg7 8.Bb5+ Nfd7 9.Be2
Qh4+ 10.g3 Qe7 11.Nf3 O-O 12.O-O Na6 13.Re1 Nb6 14.Kg2 Bg4 15.h3 Bxf3+ 16.Bxf3
Rae8 17.e5 dxe5 18.fxe5 Qd8 19.d6 c4 20.Nd5 Rxe5 21.Ne7+ Kh8 22.Rxe5 Bxe5 23.Bh6
Nc5 24.Qe2 Bxd6 25.Bxf8 Qxf8 26.Nd5 Nxd5 27.Bxd5 b5 28.a4 bxa4 29.Rf1 f5 30.Qxc4
Qf6 31.Qc3 Kg7 32.g4 Qxc3 33.bxc3 Kf6 34.gxf5 gxf5 35.Rb1 a3 36.Rb5 Na4 37.Ra5
Nxc3 38.Bg8 h6 39.Kf3 Ne4 40.h4 Bc5 41.Ra6+ Ke5 42.Rxh6 a5 43.Re6+ Kd4 44.Ra6
Nd2+ 45.Kf4 Nc4 46.Bxc4 Kxc4 47.Rxa5 Kb4 48.Rxa3

[Event "13th Dubai open 2011"]
[Site "Dubai Chess club"]
[Date "2011.04.11"]
[Round "2"]
[Board "1"]
[White "Andriasian, Zaven"]
[Black "Ashwin, Jayaram"]
[Result "1-0"]
[WhiteElo "2645"]
[BlackElo "2439"]
[PlyCount "89"]
[EventDate "2011.04.10"]
[EventRounds "9"]
[EventCountry "UAE"]

1.e4 c5 2.Nf3 d6 3.d4 cxd4 4.Nxd4 Nf6 5.Nc3 Nc6 6.Bg5 e6 7.Qd2 Be7 8.O-O-O a6
9.f3 Nxd4 10.Qxd4 b5 11.h4 Bb7 12.Kb1 O-O 13.g4 Rc8 14.Be3 Qc7 15.g5 Nd7 16.h5
d5 17.h6 e5 18.Qd2 g6 19.Nxd5 Bxd5 20.exd5 Bd6 21.Bh3 Rfe8 22.Rhf1 Rcd8 23.Bxd7
Rxd7 24.Qd3 Rde7 25.Qe4 Rc8 26.Rfe1 Qb7 27.Qd3 a5 28.Bf2 Rc4 29.Re4 Rec7 30.Bg3
Qc8 31.Bxe5 Bxe5 32.Rxe5 Rxc2 33.Ree1 R7c4 34.d6 Qd7 35.Qxc2 Rxc2 36.Kxc2 Kf8
37.Rd3 b4 38.Kd2 a4 39.Re7 Qf5 40.d7 Qxd3+ 41.Kxd3 Kxe7 42.Kc4 b3 43.axb3 axb3
44.Kxb3 Kxd7 45.Kc4

[Event "13th Dubai open 2011"]
[Site "Dubai Chess club"]
[Date "2011.04.11"]
[Round "2"]
[Board "1"]
[White "Anwesh, Upadhyaya"]
[Black "Ganguly, Surya Shekhar"]
[Result "1-0"]
[WhiteElo "2432"]
[BlackElo "2643"]
[PlyCount "141"]
[EventDate "2011.04.10"]
[EventRounds "9"]
[EventCountry "UAE"]

1.d4 Nf6 2.c4 g6 3.g3 Bg7 4.Bg2 O-O 5.Nc3 d6 6.Nf3 Nbd7 7.O-O e5 8.e4 exd4
9.Nxd4 Re8 10.h3 Nc5 11.Re1 Bd7 12.Kh2 h6 13.Rb1 a5 14.Ndb5 Bxb5 15.cxb5 Nfd7
16.f4 h5 17.Qc2 c6 18.bxc6 bxc6 19.Be3 Qc7 20.Rbd1 Rab8 21.Qf2 Ne6 22.Re2 Nb6
23.Rc2 Nc4 24.Bc1 Qe7 25.Na4 d5 26.exd5 cxd5 27.Bxd5 Nd6 28.Re2 Qf6 29.Nc3 Nd4
30.Rxe8+ Rxe8 31.Bg2 N6f5 32.Nd5 Qe6 33.Nc3 h4 34.g4 Ne3 {Diagram #} 35.Bxe3
Qxe3 36.Qxe3 Rxe3 37.Rd2 g5 38.Kg1 gxf4 39.Nd5 Nf3+ 40.Bxf3 Rxf3 41.Ne7+ Kh7
42.Nf5 Bxb2 43.Rxb2 Rxh3 44.Kg2 Ra3 45.Nxh4 Rg3+ 46.Kf2 Rxg4 47.Nf3 Rg6 48.Rb7
Rc6 49.Rxf7+ Kg8 50.Rd7 Rc3 51.a4 Ra3 52.Rd4 Ra2+ 53.Ke1 Kf7 54.Rxf4+ Ke7 55.Nd2
Ra3 56.Kd1 Ke6 57.Kc2 Kd5 58.Nb3 Ra2+ 59.Kc3 Rh2 60.Nxa5 Kc5 61.Nb3+ Kb6 62.Rf6+
Ka7 63.Kb4 Rb2 64.a5 Rb1 65.Rf7+ Ka6 66.Rf6+ Ka7 67.Rf2 Ka6 68.Kc4 Rh1 69.Rf6+
Ka7 70.Nc5 Rb1 71.Ra6+

[Event "13th Dubai open 2011"]
[Site "Dubai Chess club"]
[Date "2011.04.11"]
[Round "2"]
[Board "1"]
[White "Khukhashvili, Sopiko"]
[Black "Mchedlishvili, Mikheil"]
[Result "1/2-1/2"]
[WhiteElo "2421"]
[BlackElo "2629"]
[PlyCount "73"]
[EventDate "2011.04.10"]
[EventRounds "9"]
[EventCountry "UAE"]

1.e4 d6 2.d4 g6 3.Nc3 Bg7 4.Nf3 a6 5.a4 Nd7 6.Be3 b6 7.Bc4 e6 8.Bg5 Ne7 9.Qd2 h6
10.Be3 Bb7 11.h3 Nf6 12.Bd3 d5 13.exd5 Nfxd5 14.Nxd5 Qxd5 15.O-O Nf5 16.c4 Qd7
17.Bxf5 gxf5 18.Ne5 Qe7 19.Bf4 Rg8 20.f3 O-O-O 21.Qe3 f6 22.Ng6 Qf7 23.Nh4 Bf8
24.Kh1 c5 25.dxc5 Bxc5 26.Qe1 e5 27.Bh2 f4 28.Bg1 Bxg1 29.Rxg1 Qh5 30.c5 Rg3
31.c6 Bxc6 32.Rc1 Qxh4 33.Rxc6+ Kb7 34.Rc2 Rxh3+ 35.gxh3 Qxh3+ 36.Rh2 Qxf3+
37.Rhg2

[Event "13th Dubai open 2011"]
[Site "Dubai Chess club"]
[Date "2011.04.11"]
[Round "2"]
[Board "1"]
[White "Kuzubov, Yuriy"]
[Black "Swapnil, S  Dhopade"]
[Result "1-0"]
[WhiteElo "2627"]
[BlackElo "2411"]
[PlyCount "137"]
[EventDate "2011.04.10"]
[EventRounds "9"]
[EventCountry "UAE"]

1.e4 c6 2.Nf3 d5 3.Nc3 dxe4 4.Nxe4 Bf5 5.Ng3 Bg4 6.h3 Bxf3 7.Qxf3 Nf6 8.Bc4 e6
9.O-O Be7 10.c3 O-O 11.d4 Nbd7 12.Re1 Nb6 13.Bb3 a5 14.a4 Nbd5 15.Qe2 Re8 16.Nf1
c5 17.dxc5 Qc7 18.Nd2 Bxc5 19.Nc4 Nf4 20.Qf3 Ng6 21.Bg5 Nd5 22.Rad1 h6 23.Bc1
Rad8 24.g3 Nde7 25.h4 Qc6 26.Kg2 Qxf3+ 27.Kxf3 Nc6 28.h5 Nge7 29.Ne3 Kf8 30.Ke2
Rxd1 31.Rxd1 Rd8 32.Rxd8+ Nxd8 33.Bc2 Ndc6 34.Be4 Ke8 35.Nc4 Kd7 36.g4 b6 37.Bf4
f6 38.Bd2 Kc7 39.f4 Kd7 40.Kd3 Kc7 41.Bf3 Kd7 42.g5 fxg5 43.fxg5 hxg5 44.Bxg5
Nd5 45.Bh4 Nf4+ 46.Ke4 Nd5 47.Bg3 Nf6+ 48.Kd3 Ne7 49.Ne5+ Ke8 50.Be1 Nf5 51.b4
axb4 52.cxb4 Bg1 53.Bc3 Nd5 54.Bd2 Ke7 55.Ng6+ Kd6 56.Be4 Bh2 57.Kc4 Bg1 58.Be1
Nfe3+ 59.Kd3 Nf5 60.Bxf5 exf5 61.Bg3+ Ke6 62.Kc4 Ne3+ 63.Kb5 Nc2 64.Be5 Nd4+
65.Kc4 Nc6 66.Bxg7 Be3 67.h6 Nd8 68.h7 Nf7 69.Ne5

[Event "13th Dubai open 2011"]
[Site "Dubai Chess club"]
[Date "2011.04.11"]
[Round "2"]
[Board "1"]
[White "Tania, Sachdev"]
[Black "Volkov, Sergey"]
[Result "0-1"]
[WhiteElo "2407"]
[BlackElo "2621"]
[PlyCount "51"]
[EventDate "2011.04.10"]
[EventRounds "9"]
[EventCountry "UAE"]

1.d4 d5 2.c4 c6 3.Nc3 Nf6 4.Nf3 a6 5.e3 b5 6.c5 g6 7.Ne5 Bg7 8.f4 a5 9.Be2 Be6
10.Bf3 Qc7 11.a3 Nbd7 12.Nd3 h5 13.Bd2 Bg4 14.Nf2 Bxf3 15.Qxf3 e6 16.O-O O-O
17.Nd3 Qb7 18.b3 Rfd8 19.Be1 Nf8 20.Bd2 N6d7 21.Rfd1 Qc7 22.Be1 Ra7 23.Rab1 Qb7
24.Bf2 Qb8 25.Be1 Ne5 26.fxe5 {Game finished at move 41.}

[Event "13th Dubai open 2011"]
[Site "Dubai Chess club"]
[Date "2011.04.11"]
[Round "2"]
[Board "1"]
[White "Kazhgaleyev, Murtas"]
[Black "Semiev, Suhrab"]
[Result "1-0"]
[WhiteElo "2618"]
[BlackElo "2406"]
[PlyCount "65"]
[EventDate "2011.04.10"]
[EventRounds "9"]
[EventCountry "UAE"]

1.d4 d5 2.c4 e5 3.dxe5 d4 4.Nf3 Nc6 5.a3 a5 6.g3 Nge7 7.Bg2 Ng6 8.Bg5 Qd7 9.e6
fxe6 10.O-O Bc5 11.Nbd2 h6 12.Ne4 Bf8 13.Bd2 e5 14.Ne1 Be7 15.Nd3 O-O 16.b4 axb4
17.axb4 Rxa1 18.Qxa1 Qg4 19.b5 Nd8 20.e3 Ne6 21.f3 Qf5 22.f4 exf4 23.exf4 Rd8
24.Qd1 Nef8 25.Nef2 Qf7 26.c5 Qa2 27.Re1 Bf6 28.Ne4 Nh7 29.Nb4 Qc4 30.Nd6 cxd6
31.Bd5+ Qxd5 32.Nxd5 dxc5 33.Qh5

[Event "13th Dubai open 2011"]
[Site "Dubai Chess club"]
[Date "2011.04.11"]
[Round "2"]
[Board "1"]
[White "Balogh, Csaba"]
[Black "Zarkua, Davit"]
[Result "1-0"]
[WhiteElo "2601"]
[BlackElo "2397"]
[PlyCount "105"]
[EventDate "2011.04.10"]
[EventRounds "9"]
[EventCountry "UAE"]

1.e4 c6 2.d4 d5 3.e5 Bf5 4.Nf3 e6 5.Be2 Ne7 6.O-O Bg6 7.Nbd2 Nd7 8.Nh4 c5 9.c3
Nc6 10.Nxg6 hxg6 11.Nf3 cxd4 12.cxd4 Be7 13.Be3 Qb6 14.Rb1 O-O-O 15.b4 Kb8
16.Qa4 Rc8 17.Rfc1 Qd8 18.Bd2 Nb6 19.Qb3 Ka8 20.a4 g5 21.h3 g4 22.hxg4 Qg8
23.Bd3 Nc4 24.Bc3 g6 25.b5 Qh7 26.Kf1 N6a5 27.Qa2 Qh1+ 28.Ke2 Qxg2 29.Rg1 Qh3
30.b6 axb6 31.Bxc4 Rxc4 32.Qb2 Rhc8 33.Rg3 Qh8 34.Nd2 R4c7 35.Qxb6 Nc6 36.Ba1
Qe8 37.Kf1 Nb4 38.Qa5+ Na6 39.Kg2 Rc6 40.Rgb3 R8c7 41.Nf3 Qc8 42.Bb2 Bd8 43.Ba3
Rd7 44.Qb5 Rb6 45.Qd3 Rxb3 46.Qxb3 Rc7 47.Bd6 Rc3 48.Qb5 Ka7 49.Qe8 Rxf3 50.Kxf3
Qc3+ 51.Kg2 Qxd4 52.Kh1 Qxf2 53.Be7

[Event "13th Dubai open 2011"]
[Site "Dubai Chess club"]
[Date "2011.04.11"]
[Round "2"]
[Board "1"]
[White "Amin, Bassem"]
[Black "Hayrapetian, Ovik"]
[Result "1/2-1/2"]
[WhiteElo "2596"]
[BlackElo "2390"]
[PlyCount "83"]
[EventDate "2011.04.10"]
[EventRounds "9"]
[EventCountry "UAE"]

1.e4 c5 2.Nf3 Nc6 3.Bb5 g6 4.Bxc6 bxc6 5.O-O Bg7 6.Re1 e5 7.c3 Ne7 8.d4 cxd4
9.cxd4 exd4 10.Nxd4 O-O 11.Nc3 Rb8 12.Nb3 d5 13.Bg5 f6 14.Be3 Rb7 15.Bc5 Rf7
16.Nd4 dxe4 17.Nxe4 Rd7 18.Qa4 Rd5 19.Bxe7 Rxd4 20.Bxd8 Rxa4 21.Nd6 Rd7 22.Re8+
Bf8 23.Nxc8 Kf7 24.Rae1 Bb4 25.R8e4 f5 26.Rh4 Rxd8 27.Nxa7 Bxe1 28.Rxa4 Rd2
29.Nxc6 Bxf2+ 30.Kf1 Ke6 31.Ra8 Bb6 32.a4 Rf2+ 33.Ke1 Rxb2 34.a5 Kd6 35.axb6
Kxc6 36.Rc8+ Kb7 37.Rc7+ Kxb6 38.Rxh7 Rxg2 39.Kf1 Rg5 40.h4 Rh5 41.Rg7 Rh6 42.h5